000 01249cam a2200361 a 4500
001 15725440
005 20170105102840.0
008 090505s2007 enka b 001 0 eng
010 _a 2009294090
015 _aGBA671929
_2bnb
016 7 _a013536837
_2Uk
020 _a0415411475 (hbk.)
020 _a9780415411479 (hbk.)
035 _a(OCoLC)ocn176786198
040 _aUKM
_cUKM
_dBAKER
_dDLC
042 _aukscp
_alccopycat
043 _af------
_aa------
050 0 0 _aJQ1852.A91
_bD48 2007
082 0 4 _a321.8091767
_222
245 0 0 _aDemocratization in the Muslim world :
_bchanging patterns of power and authority /
_cedited by Frédéric Volpi and Francesco Cavatorta.
260 _aLondon :
_bRoutledge,
_c2007.
300 _a170 p. :
_bill. ;
_c24 cm.
440 0 _aDemocratization studies ;
_v11
504 _aIncludes bibliographical references and index.
650 0 _aDemocratization
_zIslamic countries.
650 0 _aIslam and politics
_zIslamic countries.
651 0 _aIslamic countries
_xPolitics and government.
700 1 _aVolpi, Frédéric.
700 1 _aCavatorta, Francesco.
906 _a7
_bcbc
_ccopycat
_d2
_encip
_f20
_gy-gencatlg
942 _2ddc
_cBK
999 _c13844
_d13844